000 01109nac a22003977a 4500
001 BR0601549
003 BR-BrBNA
005 20240105123307.0
008 230509b bl.|||m| |||| 00| 0 por d
040 _aBR-BrBNA
_bpor
_cBiblioteca Nacional de Agricultura
072 _aF01
090 _a1190 BR0601549
100 1 _aRitzinger, R.
100 1 _aRitzinger, C.H.S.P.
110 1 _aEMBRAPA Mandioca e Fruticultura Tropical, Cruz das Almas, BA (Brasil)
245 1 _aAcerola - aspectos gerais da cultura
260 3 _aCruz das Almas, BA (Brasil):
_c2004.
300 _a2 p.
490 _aAcerola em Foco (Brazil)
_vno. 9
_x
650 _aACEROLA
650 _aVARIEDADE
650 _aVALOR NUTRITIVO
650 _aCLIMA
650 _aSOLO
650 _aPROPAGAÇÃO VEGETATIVA
650 _aSUBSTRATO DE CULTURA
650 _aMUDA
650 _aÉPOCA DE PLANTIO
650 _aPOLINIZAÇÃO
650 _aESPAÇAMENTO
650 _aCOLHEITA
650 _aPRODUTIVIDADE
650 _aPÓS-COLHEITA
909 _a202312
_bLúcia Elande
_c55
_dLúcia Elande
942 _2AGRIS
_n0
_cMS
999 _c294818
_d294818